|
|
|
|
| LEADER |
01135cam a2200301 7i4500 |
| 001 |
0000075382 |
| 005 |
20230224090000.0 |
| 020 |
|
|
|a 9781003026068 (electronic book)
|
| 090 |
0 |
0 |
|a HT153
|b .S28 2022
|
| 100 |
1 |
|
|a Sauda, Eric
|
| 245 |
1 |
0 |
|a Social media and the contemporary city
|c Eric Sauda, Ginette Wessel, and Alireza Karduni.
|
| 264 |
|
|
|a Abingdon, Oxon ; New York, NY:
|b Routledge,
|c 2022.
|
| 300 |
|
|
|a 1 online resource (ix, 175 pages):
|b text file, PDF.
|
| 336 |
|
|
|a text
|2 rdacontent
|
| 337 |
|
|
|a computer
|2 rdamedia
|
| 338 |
|
|
|a online resource
|2 rdacarrier
|
| 650 |
|
0 |
|a Urbanization --
|x Social aspects
|
| 650 |
|
0 |
|a Information technology --
|x Social aspects
|
| 650 |
|
0 |
|a Sociology, Urban
|
| 650 |
|
0 |
|a Social media --
|x Political aspects
|
| 655 |
|
0 |
|a Electronic books
|
| 700 |
1 |
|
|a Wessel, Ginette
|
| 700 |
1 |
|
|a Karduni, Alireza
|
| 856 |
4 |
2 |
|u http://library.unisel.edu.my/web/guest/mylibrary
|
| 997 |
|
|
|a Education & Social Sciences, Faculty
|b Social Sciences, Department
|
| 998 |
|
|
|a Psychology, Diploma
|
| 998 |
|
|
|a Industrial Psychology, Degree
|
| 999 |
|
|
|a EBO0018581
|b EBOOK
|c EBOOK
|e Electronic resources
|